Chanson de Queen - Statistiques

Statistiques générales
  • Ce quiz a été pris 1 033 fois
  • Le résultat moyen est 11 sur 20
Statistiques - réponses
Indice Titre % Correct
Goodbye, everybody, I've got to go Bohemian Rhapsody
95%
'Cause I'm havin' a good time, havin' a good time Don't stop me now
81%
And bad mistakes I've made a few We are the champions
81%
Empty spaces, what are we living for? The show must go on
75%
just like Marie Antoinette Killer Queen
74%
Kicking your can all over the place, singing We will rock you
74%
We watch the shows, we watch the stars On videos for hours and hours Radio Ga Ga
70%
I've fallen in love I've fallen in love for the first time I want to break free
62%
Watching some good friends screaming, "Let me out!" Under pressure
62%
Steve walks warily down the street Another one bites the dust
60%
Bring it back, bring it back, don't take it away from me Love of my life
60%
I just gotta get out of this prison cell (One day) Someday I'm gonna be free, Lord Somebody to love
59%
There's no chance for us It's all decided for us Who wants to live forever
39%
One shaft of light that shows the way No mortal man can win this day A kind of magic
35%
Hey! One man, one goal Ha, one mission One heart, one soul One vision
35%
Listen, all you people, come gather 'round I gotta get me a game plan, gotta shake you to the ground I want it all
26%
Here we are, born to be kings Princes of the universe
23%
When you're in need of love They give you care and attention Friends will be friends
19%
While there's a wind and the stars And the rainbow Till the mountains crumble into the plain Innuendo
18%
Every drop of rain that falls In Sahara Desert says it all The miracle
16%
Aucun quiz correspondant
Distribution des résultats
% des personnes avec chaque résultat
Percentile par nombre de réponses
Votre historique - résultats
Vous n’avez pas pris ce quiz